[Event "European Blitz Championship 2021"]
[Site "Katowice"]
[Date "2021.12.17"]
[Round "21.3"]
[White "Ustianovich, Nazar"]
[Black "Cukrowski, Filip"]
[Result "1/2-1/2"]
[WhiteElo "2278"]
[BlackElo "2101"]
[Annotator "NA"]
[PlyCount "82"]
[EventDate "2021.12.17"]
[EventType "swiss"]
[EventCountry "POL"]
[SourceTitle "playchess.com"]
[Source "ChessBase"]
[SourceQuality "1"]

1. d4 Nf6 2. Nf3 e6 3. c4 b6 4. g3 Bb7 5. Bg2 c5 6. O-O cxd4 7. Qxd4 Be7 8. Nc3
Nc6 9. Qf4 a6 10. Rd1 Rc8 11. b3 Qc7 12. Qxc7 Rxc7 13. Bf4 Rc8 14. Na4 b5 15.
Nb6 Rd8 16. Bc7 Bc5 17. cxb5 axb5 18. a4 b4 19. Bxd8 Kxd8 20. Nc4 Ne4 21. e3
Nc3 22. Nfe5 Nxd1 23. Bxc6 Bxc6 24. Nxc6+ dxc6 25. Rxd1+ Kc7 26. Ne5 f6 27. Nc4
e5 28. f3 h5 29. Kg2 h4 30. e4 g6 31. g4 Bd4 32. h3 f5 33. Rd2 fxe4 34. fxe4
Rf8 35. Re2 g5 36. Nd2 c5 37. Nc4 Rf4 38. Nd2 Rf6 39. Nc4 Rf4 40. Nd2 Rf6 41.
Nc4 Rf4 1/2-1/2

[Event "European Blitz Championship 2021"]
[Site "Katowice"]
[Date "2021.12.17"]
[Round "21.4"]
[White "Dragnev, Valentin"]
[Black "Motylev, Alexander"]
[Result "1/2-1/2"]
[WhiteElo "2548"]
[BlackElo "2633"]
[Annotator "RC"]
[PlyCount "52"]
[EventDate "2021.12.17"]
[EventType "swiss"]
[EventCountry "POL"]
[SourceTitle "playchess.com"]
[Source "ChessBase"]
[SourceQuality "1"]

1. e4 c6 2. Nc3 d5 3. Nf3 dxe4 4. Nxe4 Nf6 5. Qe2 Nxe4 6. Qxe4 Nd7 7. d4 Nf6 8.
Qd3 e6 9. Be2 Be7 10. O-O O-O 11. c4 c5 12. Be3 Ng4 13. Bf4 cxd4 14. h3 Nf6 15.
Rfd1 b6 16. Nxd4 Bb7 17. Bf3 Qc8 18. Rac1 Rd8 19. Qe2 a6 20. b3 Bc5 21. Be5 Nd7
22. Bg3 Nf8 23. Nc2 Bxf3 24. Qxf3 Ra7 25. Rxd8 Qxd8 26. Rd1 Rd7 1/2-1/2

[Event "European Blitz Championship 2021"]
[Site "Katowice"]
[Date "2021.12.17"]
[Round "21.4"]
[White "Kozak, Antoni"]
[Black "Krzywda, Andrzej"]
[Result "1-0"]
[WhiteElo "2272"]
[BlackElo "2100"]
[Annotator "NA"]
[PlyCount "85"]
[EventDate "2021.12.17"]
[EventType "swiss"]
[EventCountry "POL"]
[SourceTitle "playchess.com"]
[Source "ChessBase"]
[SourceQuality "1"]

1. d4 Nf6 2. Nf3 c5 3. e3 g6 4. b3 Bg7 5. Bb2 O-O 6. dxc5 Qa5+ 7. c3 Qxc5 8.
Ba3 Qa5 9. Bxe7 Re8 10. Bxf6 Bxf6 11. Nd4 Nc6 12. Be2 Nxd4 13. exd4 Qa6 14. Kf1
Qe6 15. Nd2 b6 16. Bg4 Ba6+ 17. Kg1 Qd6 18. h4 Qf4 19. g3 Qd6 20. Bf3 Rac8 21.
Rc1 Bd3 22. Kg2 h5 23. Re1 Bf5 24. Nc4 Qc7 25. Ne3 Be4 26. Bxe4 Rxe4 27. Nd5
Rxe1 28. Nxf6+ Kg7 29. Nxh5+ gxh5 30. Qxe1 Qc6+ 31. Kg1 Qd5 32. Qe3 Rc6 33. c4
Qf5 34. d5 Rg6 35. Re1 Qg4 36. Qe4 Qh3 37. Qd4+ Kh7 38. Qf4 Kg7 39. Re7 Rf6 40.
Qg5+ Rg6 41. Qe5+ Kh7 42. Rxf7+ Kh6 43. Qf4+ 1-0

[Event "European Blitz Championship 2021"]
[Site "Katowice"]
[Date "2021.12.17"]
[Round "21.5"]
[White "Wieczorek, Oskar"]
[Black "Tazbir, Marcin"]
[Result "0-1"]
[WhiteElo "2258"]
[BlackElo "2508"]
[Annotator "ChessBase"]
[PlyCount "30"]
[EventDate "2021.12.17"]
[EventType "swiss"]
[EventCountry "POL"]
[SourceTitle "playchess.com"]
[Source "ChessBase"]
[SourceQuality "1"]

1. e4 c5 2. Nf3 e6 3. g3 Nc6 4. Bg2 Nf6 5. Qe2 d5 6. exd5 Nxd5 7. O-O Be7 8.
Rd1 Bf6 9. Nc3 O-O 10. Ne4 b6 11. c4 Ndb4 12. Nxf6+ Qxf6 13. d3 Bb7 14. a3 Na6
15. Ne5 Nd4 0-1

[Event "European Blitz Championship 2021"]
[Site "Katowice"]
[Date "2021.12.17"]
[Round "21.5"]
[White "Zylka, Stanislaw"]
[Black "Kulon, Klaudia"]
[Result "0-1"]
[WhiteElo "2143"]
[BlackElo "2265"]
[Annotator "NA"]
[PlyCount "104"]
[EventDate "2021.12.17"]
[EventType "swiss"]
[EventCountry "POL"]
[SourceTitle "playchess.com"]
[Source "ChessBase"]
[SourceQuality "1"]

1. e4 e5 2. Nf3 Nc6 3. Bc4 Nf6 4. Ng5 d5 5. exd5 Na5 6. Bb5+ c6 7. dxc6 bxc6 8.
Bd3 Nd5 9. Nf3 Bd6 10. O-O Nf4 11. Re1 Nxd3 12. cxd3 O-O 13. b3 Re8 14. Bb2 f6
15. Nc3 Ba6 16. Ne4 Bxd3 17. Nxd6 Qxd6 18. Re3 Red8 19. Rc1 Rac8 20. h3 Bg6 21.
Bc3 Nb7 22. Nh4 Bf7 23. Qg4 Qd7 24. Qa4 Nd6 25. Rf1 Nb5 26. Ba5 Re8 27. Rg3 Nd4
28. Re1 Kh8 29. Bc3 Rcd8 30. Ba5 Rb8 31. Bc3 Rb7 32. Kh1 c5 33. Qxd7 Rxd7 34.
Nf3 Nc2 35. Re4 Nd4 36. Nxd4 cxd4 37. Bb4 Rc8 38. Kh2 Rc2 39. a3 Rb2 40. f4 Bd5
41. Re1 e4 42. Rc1 h6 43. f5 Rxb3 44. Rc8+ Kh7 45. Rg4 Bb7 46. Re8 e3 47. dxe3
dxe3 48. Rc4 Rb2 49. Kg3 Rxg2+ 50. Kf4 e2 51. Rc1 Rd3 52. Rc3 Rd4+ 0-1

[Event "European Blitz Championship 2021"]
[Site "Katowice"]
[Date "2021.12.17"]
[Round "21.6"]
[White "Bernadskiy, Vitaliy"]
[Black "Danielyan, Vahe"]
[Result "1-0"]
[WhiteElo "2592"]
[BlackElo "2332"]
[Annotator "ChessBase"]
[PlyCount "77"]
[EventDate "2021.12.17"]
[EventType "swiss"]
[EventCountry "POL"]
[SourceTitle "playchess.com"]
[Source "ChessBase"]
[SourceQuality "1"]

1. e4 e5 2. d4 exd4 3. Qxd4 Nc6 4. Qd3 Nf6 5. Nc3 Bb4 6. Bd2 O-O 7. O-O-O Re8
8. Nge2 d6 9. Bg5 h6 10. Bh4 Ne5 11. Qb5 Bc5 12. f4 Ng6 13. Bxf6 gxf6 14. Qd3
c6 15. g3 b5 16. Bg2 Bd7 17. h4 Qa5 18. h5 Nf8 19. e5 f5 20. Nd4 Bxd4 21. Qxd4
d5 22. g4 Ne6 23. Qf2 Ng7 24. g5 b4 25. gxh6 Ne6 26. Nb1 Qxa2 27. Rh3 Kh8 28.
Rg3 Rg8 29. Bh3 Rxg3 30. Qxg3 Rg8 31. Qh4 Nf8 32. Qf6+ Kh7 33. Qxf7+ Kh8 34.
Qf6+ Kh7 35. Bxf5+ Bxf5 36. Qxf5+ Kxh6 37. e6 b3 38. e7 Nh7 39. e8=Q 1-0

[Event "European Blitz Championship 2021"]
[Site "Katowice"]
[Date "2021.12.17"]
[Round "21.6"]
[White "Kowalczyk, Rafal"]
[Black "Szczurek, Krzysztof"]
[Result "0-1"]
[WhiteElo "2252"]
[BlackElo "2088"]
[Annotator "NA"]
[PlyCount "60"]
[EventDate "2021.12.17"]
[EventType "swiss"]
[EventCountry "POL"]
[SourceTitle "playchess.com"]
[Source "ChessBase"]
[SourceQuality "1"]

1. e4 c5 2. c3 d5 3. exd5 Qxd5 4. d4 Nc6 5. dxc5 Qxd1+ 6. Kxd1 a5 7. Bb5 Bg4+
8. f3 Bf5 9. Be3 e5 10. Nd2 O-O-O 11. Ne2 Nf6 12. Ng3 Bg6 13. Ke2 Nd5 14. Nge4
f5 15. Nd6+ Bxd6 16. cxd6 Rxd6 17. Nc4 Re6 18. Bxc6 bxc6 19. Nxa5 e4 20. f4
Bh5+ 21. Kf2 Rd8 22. Nc4 Nxe3 23. Kxe3 Rd3+ 24. Kf2 e3+ 25. Ke1 Re4 26. b3 Kc7
27. h3 e2 28. g4 fxg4 29. Ne5 Rxe5 30. fxe5 g3 0-1

[Event "European Blitz Championship 2021"]
[Site "Katowice"]
[Date "2021.12.17"]
[Round "21.7"]
[White "Pultinevicius, Paulius"]
[Black "Kowalski, Igor"]
[Result "1-0"]
[WhiteElo "2546"]
[BlackElo "2276"]
[Annotator "ChessBase"]
[PlyCount "55"]
[EventDate "2021.12.17"]
[EventType "swiss"]
[EventCountry "POL"]
[SourceTitle "playchess.com"]
[Source "ChessBase"]
[SourceQuality "1"]

1. d4 Nf6 2. c4 g6 3. Nc3 Bg7 4. e4 d6 5. h3 O-O 6. Bg5 Nbd7 7. Nf3 e5 8. d5 h6
9. Be3 Ne8 10. Qd2 Kh7 11. g4 f5 12. gxf5 gxf5 13. exf5 Nc5 14. Bxc5 dxc5 15.
Bd3 Bxf5 16. Bxf5+ Rxf5 17. Qd3 Nd6 18. Ne4 Qf8 19. Nh4 Kg8 20. Nxd6 Rf4 21.
Ndf5 Qf6 22. Rg1 Rxh4 23. Rxg7+ Kh8 24. Nxh4 Qxg7 25. Ng6+ Kh7 26. Nf4+ Kh8 27.
Ne2 e4 28. Qc3 1-0

[Event "European Blitz Championship 2021"]
[Site "Katowice"]
[Date "2021.12.17"]
[Round "21.7"]
[White "Stefansson, Hannes"]
[Black "Budzisz, Adrian"]
[Result "1-0"]
[WhiteElo "2519"]
[BlackElo "1985"]
[Annotator "ChessBase"]
[PlyCount "117"]
[EventDate "2021.12.17"]
[EventType "swiss"]
[EventCountry "POL"]
[SourceTitle "playchess.com"]
[Source "ChessBase"]
[SourceQuality "1"]

1. e4 e6 2. d4 d5 3. Nc3 Bb4 4. e5 c5 5. a3 Bxc3+ 6. bxc3 Qa5 7. Bd2 Qa4 8. Qg4
Kf8 9. Qd1 Nc6 10. h4 cxd4 11. h5 dxc3 12. Bxc3 h6 13. Rb1 Qe4+ 14. Ne2 Nge7
15. Rb3 Nf5 16. f3 Qa4 17. Qd2 d4 18. Bb2 Ne3 19. Rh4 Nc4 20. Qc1 Qa5+ 21. Kf2
Nxb2 22. Qxb2 Qxe5 23. Nxd4 Qc5 24. Rc3 Qg5 25. Rg4 Qd2+ 26. Ne2 e5 27. Rd3 Qa5
28. Rc4 Qb6+ 29. Qxb6 axb6 30. Rxc6 bxc6 31. Rd8+ Ke7 32. Rxh8 Bb7 33. Rxa8
Bxa8 34. Ng3 g6 35. a4 c5 36. hxg6 fxg6 37. Bd3 Kf7 38. Bc4+ Kg7 39. Ne4 Bc6
40. Bb5 Bxe4 41. fxe4 Kf6 42. Kf3 Kg5 43. Be8 h5 44. Kg3 Kh6 45. Bd7 Kg5 46.
Kf3 Kh4 47. g3+ Kg5 48. Be8 Kh6 49. Ke3 g5 50. Bd7 g4 51. c3 Kg5 52. Ke2 Kf6
53. Ke3 Kg5 54. Bc8 Kf6 55. Kd3 Kg5 56. Kd2 Kf6 57. Ke2 Kg6 58. Bxg4 hxg4 59.
Kd3 1-0

[Event "European Blitz Championship 2021"]
[Site "Katowice"]
[Date "2021.12.17"]
[Round "21.8"]
[White "Lewtak, Damian"]
[Black "Balog, Imre"]
[Result "0-1"]
[WhiteElo "2203"]
[BlackElo "2573"]
[Annotator "ChessBase"]
[PlyCount "134"]
[EventDate "2021.12.17"]
[EventType "swiss"]
[EventCountry "POL"]
[SourceTitle "playchess.com"]
[Source "ChessBase"]
[SourceQuality "1"]

1. c3 Nf6 2. d4 d5 3. Bf4 Bg4 4. Qb3 Qc8 5. e3 e6 6. Nd2 c5 7. Ngf3 Nc6 8. Bb5
Nd7 9. c4 dxc4 10. Qxc4 a6 11. Bxc6 Qxc6 12. dxc5 Bxc5 13. Rc1 O-O 14. O-O b5
15. Qe4 Qb6 16. b4 Be7 17. Rc6 Qb7 18. Rxe6 Qxe4 19. Rxe4 Rfe8 20. a3 Be6 21.
Ne5 Nf6 22. Rd4 Rec8 23. Ne4 Nxe4 24. Rxe4 Rc3 25. Ra1 a5 26. bxa5 Rxa5 27. h3
Rcxa3 28. Rc1 Ra1 29. Rxa1 Rxa1+ 30. Kh2 Rc1 31. Rd4 h6 32. Rd3 Rc2 33. Bg3 b4
34. Nf3 b3 35. Be5 b2 36. Bxb2 Rxb2 37. Rd2 Rxd2 38. Nxd2 f5 39. e4 Bd6+ 40. g3
f4 41. Kg2 fxg3 42. fxg3 Kf7 43. Nf3 Bc4 44. Kf2 Bc5+ 45. Kg2 Ke6 46. Nh4 Bd4
47. Kf3 Bb3 48. Ke2 Be5 49. g4 Bf6 50. Nf3 Bc4+ 51. Kf2 Ba6 52. Ke3 Be5 53. h4
Bc7 54. h5 Bd8 55. Kf4 Bc7+ 56. Ke3 Bb6+ 57. Kf4 Be2 58. g5 Bxf3 59. gxh6 Bd1
60. hxg7 Kf7 61. h6 Bc2 62. e5 Bc7 63. Kg5 Bxe5 64. Kg4 Bh7 65. Kg5 Bb2 66. Kh5
Bc1 67. Kg4 Bxh6 0-1

[Event "European Blitz Championship 2021"]
[Site "Katowice"]
[Date "2021.12.17"]
[Round "21.8"]
[White "Bogdanov, Ignat"]
[Black "Gretarsson, Helgi Ass"]
[Result "0-1"]
[WhiteElo "2116"]
[BlackElo "2476"]
[Annotator "ChessBase"]
[PlyCount "113"]
[EventDate "2021.12.17"]
[EventType "swiss"]
[EventCountry "POL"]
[SourceTitle "playchess.com"]
[Source "ChessBase"]
[SourceQuality "1"]

1. d4 g6 2. c4 Bg7 3. Nc3 c5 4. e3 Nf6 5. Nf3 O-O 6. Be2 d5 7. O-O cxd4 8. exd4
dxc4 9. Bxc4 Bg4 10. Bg5 Nc6 11. d5 Bxf3 12. Qxf3 Ne5 13. Qe2 Nxc4 14. Qxc4 h6
15. Bh4 Rc8 16. Qb3 Qb6 17. Qxb6 axb6 18. Rfe1 Rfe8 19. Rad1 g5 20. Bg3 Nh5 21.
Na4 Nxg3 22. hxg3 b5 23. Nc3 b4 24. Ne4 f5 25. d6 Rc2 26. Nd2 Kf7 27. dxe7 Rxe7
28. Rxe7+ Kxe7 29. b3 Rxa2 30. Nc4 Ra1 31. Rxa1 Bxa1 32. Kf1 b5 33. Ne3 Ke6 34.
Ke2 Bd4 35. Nc2 Bc5 36. f3 Kd5 37. Kd3 h5 38. f4 g4 39. Ne3+ Ke6 40. Nf1 Bf2
41. Ke2 Bg1 42. Kd3 Bb6 43. Ke2 Kd5 44. Kd3 Bf2 45. Ne3+ Ke6 46. Nf1 h4 47.
gxh4 Bxh4 48. g3 Be7 49. Kd4 Kd6 50. Ne3 Bf6+ 51. Kd3 Ke6 52. Nc2 Bc3 53. Nd4+
Kf6 54. Ne2 Bb2 55. Nd4 Bc3 56. Ne2 Bb2 57. Nd4 0-1

[Event "European Blitz Championship 2021"]
[Site "Katowice"]
[Date "2021.12.17"]
[Round "21.9"]
[White "Janik, Igor"]
[Black "Walter, Szymon"]
[Result "1/2-1/2"]
[WhiteElo "2508"]
[BlackElo "2277"]
[Annotator "ChessBase"]
[PlyCount "80"]
[EventDate "2021.12.17"]
[EventType "swiss"]
[EventCountry "POL"]
[SourceTitle "playchess.com"]
[Source "ChessBase"]
[SourceQuality "1"]

1. d4 Nf6 2. c4 e6 3. Nf3 Bb4+ 4. Nbd2 O-O 5. g3 Re8 6. Bg2 d6 7. O-O Bxd2 8.
Qxd2 a5 9. b3 Nc6 10. Qc2 Qe7 11. Bb2 e5 12. d5 Nb8 13. e4 Na6 14. Rae1 Bd7 15.
Nd2 a4 16. Bc3 axb3 17. axb3 b5 18. f4 bxc4 19. Nxc4 Bb5 20. Rf2 Bxc4 21. bxc4
Nd7 22. Bh3 Nac5 23. Bxd7 Nxd7 24. Qd1 f6 25. Qg4 Nc5 26. fxe5 fxe5 27. Ref1
Rf8 28. Qe2 Rxf2 29. Rxf2 Rf8 30. Rxf8+ Qxf8 31. Bb4 Nd7 32. Qf2 Qb8 33. Qd2
Nf6 34. Qe1 Nxe4 35. Qxe4 Qxb4 36. Qg4 Qe1+ 37. Kg2 Qd2+ 38. Kh3 Qh6+ 39. Kg2
Qd2+ 40. Kh3 Qh6+ 1/2-1/2

[Event "European Blitz Championship 2021"]
[Site "Katowice"]
[Date "2021.12.17"]
[Round "21.9"]
[White "Papasimakopoulos, Alexandros"]
[Black "Froewis, Annika"]
[Result "1-0"]
[WhiteElo "2394"]
[BlackElo "2100"]
[Annotator "NA"]
[PlyCount "97"]
[EventDate "2021.12.17"]
[EventType "swiss"]
[EventCountry "POL"]
[SourceTitle "playchess.com"]
[Source "ChessBase"]
[SourceQuality "1"]

1. d4 d5 2. c4 e6 3. Nc3 Nf6 4. cxd5 exd5 5. Bg5 Be7 6. e3 c6 7. Bd3 h6 8. Bh4
Nbd7 9. Nf3 O-O 10. Qc2 Re8 11. O-O Nh5 12. Bxe7 Qxe7 13. Rab1 a5 14. a3 Nhf6
15. b4 axb4 16. axb4 b5 17. Rfe1 Nb6 18. e4 Be6 19. exd5 Nfxd5 20. Nxd5 Nxd5
21. Qxc6 Nxb4 22. Qc3 Nd5 23. Qd2 b4 24. Be4 Qb7 25. Ne5 Red8 26. Nd3 Qb5 27.
Nxb4 Nxb4 28. Rxb4 Qa5 29. Bxa8 Rxa8 30. Rb8+ Kh7 31. Qxa5 Rxa5 32. Rb4 Rd5 33.
Re5 Rd6 34. f3 Kg6 35. Kf2 f6 36. Re2 Bd5 37. Rd2 h5 38. h4 Kf7 39. Ke3 g5 40.
Rb1 Kg6 41. g3 Re6+ 42. Kf2 Rc6 43. Rb5 Bc4 44. Rc5 Rxc5 45. dxc5 gxh4 46. gxh4
Bb5 47. Rd6 Kf5 48. c6 Ke5 49. c7 1-0

[Event "European Blitz Championship 2021"]
[Site "Katowice"]
[Date "2021.12.17"]
[Round "21.10"]
[White "Sharankov, Grigory"]
[Black "Keinanen, Toivo"]
[Result "0-1"]
[WhiteElo "2238"]
[BlackElo "2358"]
[Annotator "NA"]
[PlyCount "72"]
[EventDate "2021.12.17"]
[EventType "swiss"]
[EventCountry "POL"]
[SourceTitle "playchess.com"]
[Source "ChessBase"]
[SourceQuality "1"]

1. c4 e6 2. Nc3 d5 3. d4 Be7 4. Nf3 Nf6 5. cxd5 exd5 6. Bg5 O-O 7. e3 c6 8. Bd3
Bg4 9. Qc2 h6 10. Bf4 Nbd7 11. h3 Bxf3 12. gxf3 Nh5 13. Bh2 b5 14. Ke2 Re8 15.
Rac1 Nf8 16. Nb1 Rc8 17. Bf5 Nd7 18. Nc3 Ra8 19. Nb1 c5 20. Bxd7 Qxd7 21. dxc5
Bg5 22. c6 Qe6 23. h4 Bxe3 24. fxe3 Qxe3+ 25. Kf1 Qxf3+ 26. Kg1 Re2 27. Qxe2
Qxe2 28. c7 Rc8 29. Bd6 Qe3+ 30. Kg2 Qe6 31. Bh2 Qe4+ 32. Kf2 Nf4 33. Bxf4
Qxf4+ 34. Kg2 Rxc7 35. Rxc7 Qxc7 36. Nc3 d4 0-1

[Event "European Blitz Championship 2021"]
[Site "Katowice"]
[Date "2021.12.17"]
[Round "21.10"]
[White "Czernek, Tymon"]
[Black "Kalogeris, Ioannis"]
[Result "0-1"]
[WhiteElo "2197"]
[BlackElo "2287"]
[Annotator "NA"]
[PlyCount "54"]
[EventDate "2021.12.17"]
[EventType "swiss"]
[EventCountry "POL"]
[SourceTitle "playchess.com"]
[Source "ChessBase"]
[SourceQuality "1"]

1. e4 e5 2. Nf3 Nc6 3. Bc4 Bc5 4. O-O Nf6 5. d3 O-O 6. h3 d6 7. c3 Bb6 8. Bb3
Ne7 9. Re1 Ng6 10. Nbd2 c6 11. Nf1 Be6 12. Ng3 h6 13. d4 Qd7 14. Bxe6 Qxe6 15.
Qc2 Ne7 16. dxe5 dxe5 17. Nh4 Kh7 18. Nhf5 Nfg8 19. Bd2 g6 20. Nxe7 Nxe7 21.
Rad1 Qxa2 22. c4 Bd4 23. Bb4 Rfe8 24. Ba3 b5 25. cxb5 cxb5 26. Ne2 Bb6 27. Qc6
Nxc6 0-1

[Event "European Blitz Championship 2021"]
[Site "Katowice"]
[Date "2021.12.17"]
[Round "21.11"]
[White "Durarbayli, Vasif"]
[Black "Bjerre, Jonas"]
[Result "1-0"]
[WhiteElo "2629"]
[BlackElo "2201"]
[Annotator "RC"]
[PlyCount "103"]
[EventDate "2021.12.17"]
[EventType "swiss"]
[EventCountry "POL"]
[SourceTitle "playchess.com"]
[Source "ChessBase"]
[SourceQuality "1"]

1. e4 c5 2. b3 Nc6 3. Bb2 e6 4. Nf3 Qc7 5. c4 Nf6 6. Qe2 d6 7. g3 a6 8. Bg2 Be7
9. O-O O-O 10. d4 cxd4 11. Nxd4 Nxd4 12. Bxd4 Nd7 13. Nc3 Rb8 14. Rac1 Qa5 15.
Ba7 Ra8 16. Be3 Rb8 17. Qd2 Qh5 18. h3 b5 19. Ne2 bxc4 20. Rxc4 Ne5 21. Rc7 Bd8
22. g4 Qh4 23. Qxd6 Bxc7 24. Qxc7 Nd7 25. g5 Rb7 26. Qd6 Rb5 27. Rc1 Ne5 28. a4
Rxb3 29. Qxe5 Bb7 30. Ng3 Rd3 31. Kh2 Rfd8 32. Rc7 Bc8 33. Qc5 Bd7 34. a5 Bb5
35. Rc8 f6 36. Qc7 Rxc8 37. Qxc8+ Kf7 38. Qc7+ Kg8 39. gxf6 Qxf6 40. Qc8+ Rd8
41. Qc5 Rf8 42. e5 Qd8 43. Ne4 Qxa5 44. Ng5 Qa2 45. Nxe6 Bc4 46. Ng5 a5 47.
Nxh7 Re8 48. Ng5 a4 49. Qc6 Rf8 50. Qg6 Re8 51. Qh7+ Kf8 52. Bc5+ 1-0

[Event "European Blitz Championship 2021"]
[Site "Katowice"]
[Date "2021.12.17"]
[Round "21.11"]
[White "Sotsky, Alexander"]
[Black "Kastelik, Adrian"]
[Result "0-1"]
[WhiteElo "2087"]
[BlackElo "2248"]
[Annotator "NA"]
[PlyCount "58"]
[EventDate "2021.12.17"]
[EventType "swiss"]
[EventCountry "POL"]
[SourceTitle "playchess.com"]
[Source "ChessBase"]
[SourceQuality "1"]

1. d4 d5 2. Bg5 Bf5 3. e3 c5 4. Bd3 Bxd3 5. Qxd3 Qb6 6. Nc3 e6 7. Rb1 cxd4 8.
exd4 Nc6 9. Nf3 Nb4 10. Qe2 Rc8 11. O-O Be7 12. Bf4 Nf6 13. Be5 O-O 14. Rfe1
Nc6 15. h3 Nd7 16. Red1 Ndxe5 17. dxe5 Rfd8 18. h4 Qb4 19. g3 Qg4 20. Kg2 d4
21. Nb5 a6 22. Nd6 Bxd6 23. exd6 Rxd6 24. Re1 Nb4 25. Qe5 Rd5 26. Qe4 Qxe4 27.
Rxe4 Nxc2 28. Rd1 d3 29. Ne5 f5 0-1

[Event "European Blitz Championship 2021"]
[Site "Katowice"]
[Date "2021.12.17"]
[Round "21.12"]
[White "Janaszak, Dawid"]
[Black "Kowalczyk, Mariusz"]
[Result "1-0"]
[WhiteElo "2328"]
[BlackElo "2070"]
[Annotator "NA"]
[PlyCount "69"]
[EventDate "2021.12.17"]
[EventType "swiss"]
[EventCountry "POL"]
[SourceTitle "playchess.com"]
[Source "ChessBase"]
[SourceQuality "1"]

1. e4 d6 2. Nc3 c6 3. a4 Qc7 4. d4 Nf6 5. g3 e5 6. Nge2 Be7 7. Bg2 O-O 8. h3
Re8 9. O-O Bf8 10. g4 g6 11. f4 exd4 12. Nxd4 Na6 13. f5 gxf5 14. Nxf5 Bxf5 15.
Rxf5 Bg7 16. Bf4 Qb6+ 17. Kh1 Qxb2 18. Bd2 Nxe4 19. Nxe4 Qxa1 20. Qxa1 Bxa1 21.
Nxd6 Re2 22. Bh6 f6 23. Bf1 Re1 24. Kg2 Rae8 25. Bc4+ R8e6 26. Nxb7 Nc7 27. Nd8
R1e5 28. Rxe5 Bxe5 29. Nxe6 Nd5 30. Bxd5 cxd5 31. Nc5 Kf7 32. Nd3 Bd4 33. Kf3
Ke6 34. Be3 Bc3 35. Bxa7 1-0

[Event "European Blitz Championship 2021"]
[Site "Katowice"]
[Date "2021.12.17"]
[Round "21.12"]
[White "Niedbala, Bartlomiej"]
[Black "Pakleza, Zbigniew"]
[Result "1-0"]
[WhiteElo "2179"]
[BlackElo "2496"]
[Annotator "ChessBase"]
[PlyCount "95"]
[EventDate "2021.12.17"]
[EventType "swiss"]
[EventCountry "POL"]
[SourceTitle "playchess.com"]
[Source "ChessBase"]
[SourceQuality "1"]

1. Nf3 d5 2. g3 Nf6 3. Bg2 Bf5 4. O-O e6 5. c4 c6 6. d3 Be7 7. cxd5 cxd5 8. Qb3
Qb6 9. Qxb6 axb6 10. Be3 Bc5 11. Rc1 Nbd7 12. Nd4 Bg6 13. Nd2 Ke7 14. N2b3 Rhc8
15. a3 e5 16. Nc2 Bxe3 17. Nxe3 Kd6 18. d4 e4 19. Nd1 Bf5 20. Nc3 Be6 21. e3
Ke7 22. Rc2 Rc6 23. Rac1 Rac8 24. Bf1 Kd8 25. Bb5 R6c7 26. Na1 Ne8 27. Bxd7
Rxd7 28. Nb5 Rxc2 29. Nxc2 Nc7 30. Nc3 Na6 31. Nb4 Nxb4 32. axb4 Rc7 33. Ra1
Kd7 34. Ra7 g5 35. Kf1 h5 36. Ke2 h4 37. Kd2 Rc4 38. b5 Kc7 39. Ra8 Bc8 40.
Nxd5+ Kd8 41. Nxb6 Rb4 42. Rxc8+ Ke7 43. Rc7+ Kf8 44. Kc3 Rxb5 45. Rxb7 Kg7 46.
b4 g4 47. d5 Kg6 48. Kc4 1-0

[Event "European Blitz Championship 2021"]
[Site "Katowice"]
[Date "2021.12.17"]
[Round "21.13"]
[White "Mirzoev, Emil"]
[Black "Lubczynski, Rafal"]
[Result "1/2-1/2"]
[WhiteElo "2474"]
[BlackElo "2361"]
[Annotator "ChessBase"]
[PlyCount "94"]
[EventDate "2021.12.17"]
[EventType "swiss"]
[EventCountry "POL"]
[SourceTitle "playchess.com"]
[Source "ChessBase"]
[SourceQuality "1"]

1. d4 Nf6 2. c4 c6 3. Nc3 d5 4. e3 a6 5. b3 b5 6. Qc2 g6 7. Bd3 Bg7 8. Nf3 O-O
9. O-O Nbd7 10. Bb2 Re8 11. Rad1 Nf8 12. h3 h6 13. Rfe1 Be6 14. e4 bxc4 15.
bxc4 dxc4 16. Bf1 Qa5 17. Ne5 Rac8 18. Nxc4 Qc7 19. Ne3 a5 20. Ba3 Qa7 21. Qa4
Bd7 22. Bc5 Qa8 23. Qa3 Ne6 24. Bxe7 c5 25. Bxf6 Bxf6 26. dxc5 Bxc3 27. Qxc3
Rxc5 28. Qb2 Bc6 29. Ng4 Qb8 30. Nf6+ Kf8 31. Qa3 Rd8 32. Rc1 Qe5 33. Ng4 Qd6
34. Qe3 h5 35. Qh6+ Ke7 36. Rxc5 Qxc5 37. Nh2 Qb4 38. Qe3 Qc5 39. Qg3 Rd2 40.
Nf3 Rxa2 41. Ne5 Bb5 42. Bxb5 Qxb5 43. Qh4+ Ke8 44. Nf3 Rb2 45. Kh2 a4 46. Qf6
Rb1 47. Rxb1 Qxb1 1/2-1/2

[Event "European Blitz Championship 2021"]
[Site "Katowice"]
[Date "2021.12.17"]
[Round "21.13"]
[White "Brzezinski, Mateusz"]
[Black "Hasterok, Mateusz"]
[Result "1-0"]
[WhiteElo "2201"]
[BlackElo "2132"]
[Annotator "NA"]
[PlyCount "65"]
[EventDate "2021.12.17"]
[EventType "swiss"]
[EventCountry "POL"]
[SourceTitle "playchess.com"]
[Source "ChessBase"]
[SourceQuality "1"]

1. c4 e5 2. Nc3 Nc6 3. g3 Bc5 4. Bg2 d6 5. e3 a6 6. Nge2 Ba7 7. O-O h5 8. h3 h4
9. g4 f5 10. f3 Be6 11. Nd5 Qd7 12. b4 Nf6 13. Nec3 e4 14. g5 Nh5 15. fxe4 fxe4
16. Nxe4 O-O-O 17. Kh2 Ng3 18. Rf4 Ne5 19. d3 Nh5 20. Rf2 Ng3 21. Rb1 b5 22. a4
c6 23. Nf4 bxc4 24. d4 Nd3 25. Nxd3 cxd3 26. Qxd3 Kb7 27. b5 cxb5 28. Nc5+ Kc8
29. Nxd7 Bxd7 30. Bd2 Bb8 31. Rc1+ Bc7 32. Ba5 d5 33. Rxc7+ 1-0

[Event "European Blitz Championship 2021"]
[Site "Katowice"]
[Date "2021.12.17"]
[Round "21.14"]
[White "Szpar, Milosz"]
[Black "Plat, Vojtech"]
[Result "0-1"]
[WhiteElo "2285"]
[BlackElo "2548"]
[Annotator "ChessBase"]
[PlyCount "64"]
[EventDate "2021.12.17"]
[EventType "swiss"]
[EventCountry "POL"]
[SourceTitle "playchess.com"]
[Source "ChessBase"]
[SourceQuality "1"]

1. e4 d6 2. d4 Nf6 3. Nc3 e5 4. Nge2 exd4 5. Nxd4 Be7 6. Bf4 c6 7. Qd2 b5 8. f3
O-O 9. a3 a5 10. Be2 Re8 11. O-O Bf8 12. Kh1 Qb6 13. Be3 Qc7 14. Rfe1 Nbd7 15.
Bf1 Ne5 16. h3 Bb7 17. Bg5 Nh5 18. Bh4 Ng6 19. Bf2 b4 20. Na4 bxa3 21. bxa3 d5
22. exd5 cxd5 23. Kg1 Nhf4 24. Nb5 Qc6 25. Rab1 Rxe1 26. Rxe1 Qf6 27. Qd4 Qg5
28. Kh1 Bc6 29. Nac3 Rb8 30. Qa7 Rxb5 31. Qa6 Rb2 32. Qxc6 Rxc2 0-1